000 00619cam a22002298x 4500
001 1848316
008 911212r19911990enk 00001 eng b
015 _ab9161981
020 _a0140097155
020 1 0 _a0140097155
_cm
041 1 0 _aengdut
082 0 0 _a839.31364
_220
100 1 0 _aClaus, Hugo,
_d1929-
_986
240 2 4 _aHet Verdriet van Belgie.
_lEnglish
245 1 4 _aThe sorrow of Belgium /
_cHugo Claus ; translated from the Dutch by Arnold J. Pomerans.
260 _aLondon :
_bPenguin,
_c1991.
300 _a608p
_epbk
350 0 0 _a£7.99
942 _2ddc
_cBK
956 _aNLS
999 _c87
_d87